Normal view MARC view

Entry Personal Name

Number of records used in: 2

001 - CONTROL NUMBER

  • control field: 64849

003 - CONTROL NUMBER IDENTIFIER

  • control field: dpl

005 - DATE AND TIME OF LATEST TRANSACTION

  • control field: 20240418150128.0

008 - FIXED-LENGTH DATA ELEMENTS

  • fixed length control field: 240418|| aca||aabn | a|a d

040 ## - CATALOGING SOURCE

  • Original cataloging agency: dpl
  • Transcribing agency: dpl

100 ## - HEADING--PERSONAL NAME

  • Personal name: Gressel, Simone

670 ## - SOURCE DATA FOUND

  • Source citation: Work cat.: (dpl)202168: Gressel, Simone, Management Decision-Making, Big Data and Analytics, 2022

© Delhi Public Library
Hit Counter
free hit counter